Тетради учеников начальных коммунальных школ города Парижа с ежедневными письменными работами по рисованию

Доступно только в Электронных читальных залах Найти на картеНа карте
RUSMARC
00004050nmc2a22002653x 450
001d0963c0e-c309-49e4-b9fc-79598e645985
00520230716014535.0
100##$a20221214l18981899k l0rusy0189 ca
1010#$arus
$afre
102##$aRU
105##$aa###
1222#$ad
2001#$aТетради учеников начальных коммунальных школ города Парижа с ежедневными письменными работами по рисованию
$j1898-1899 гг.
215##$a111 л.
$cрис.; черт.
$d36,5х26 см
251##$cДело
300##$aНа русском и французском языках
300##$aОриг. заголовок дела: Ville de Paris. Ecoles primaires communales. Dessin. 1898 г. - 1899 г
371##$aДокумент не является опубликованным и широко распространяемым
461#0$1001a74412a3-3cc5-4d21-8f0a-dfe2fbd9e72d
$12001
$aДепартамент народного просвещения Министерства народного просвещения (1803-1917)
$1251
$cФонд
$1852
$j733
462#0$1001e7457a9b-6ab2-47cb-b3ed-bfff162542f9
$12001
$aРазряд учительских институтов, семинарий и низших учебных заведений
$1251
$cОпись
$1852
$j227
5171#$aVille de Paris. Ecoles primaires communales. Dessin. 1898 г. - 1899 г
801#0$aRU
$bРГИА
$c20221214
$gRCR
801#1$aRU
$bГлавНИВЦ
$c20221214
$2rusmarc
801#2$aRU
$bПБ им. Б.Н. Ельцина
$c20230716
$gRCR
$2rusmarc
850##$aРГИА
852##$aРГИА
$eФедеральное казенное учреждение "Российский государственный исторический архив" (РГИА)
$j215
937##$hРГИА
$d12396191
$aASBIBLIO_SCAN
035##$aRusGRCC00057434
856##$uhttp://readingroom.main.prlib.ru/item.aspx?id_node=n186562804&mode=full
Формат отображения